[Event "Rapid Tournament (RAP)"]
[Site "Biel, CH"]
[Date "2025.07.13"]
[Round "8"]
[White "Chen, Zhi"]
[Black "El-Mais, Ibaa"]
[Result "1-0"]
[Board "17"]
[WhiteFideId "8619549"]
[BlackFideId "1312715"]
[WhiteElo "2027"]
[BlackElo "2140"]
[WhiteTeam "CHN"]
[BlackTeam "SUI"]
[WhiteClock "0:00:30"]
[BlackClock "0:00:07"]
[Variant "Standard"]

1. e4 {[%clk 0:15:08]}  d6 {[%clk 0:15:08]} 2. d4 {[%clk 0:15:07]}  Nf6 {[%clk 0:15:09]} 3. Nc3 {[%clk 0:15:08]}  g6 {[%clk 0:15:14]} 4. Be3 {[%clk 0:14:46]}  c6 {[%clk 0:15:15]} 5. Qd2 {[%clk 0:14:40]}  Ng4 {[%clk 0:14:18]} 6. Bg5 {[%clk 0:14:29]}  h6 {[%clk 0:14:08]} 7. Bh4 {[%clk 0:14:22]}  Bg7 {[%clk 0:13:50]} 8. Nf3 {[%clk 0:13:23]}  O-O {[%clk 0:13:31]} 9. h3 {[%clk 0:13:09]}  Nf6 {[%clk 0:13:34]} 10. Bd3 {[%clk 0:12:38]}  Nbd7 {[%clk 0:13:17]} 11. g4 {[%clk 0:12:08]}  Ne8 {[%clk 0:11:55]} 12. O-O-O {[%clk 0:11:36]}  b5 {[%clk 0:11:53]} 13. e5 {[%clk 0:10:06]}  Nb6 {[%clk 0:11:31]} 14. Ne4 {[%clk 0:09:50]}  Be6 {[%clk 0:10:54]} 15. exd6 {[%clk 0:09:15]}  Nxd6 {[%clk 0:10:52]} 16. Ne5 {[%clk 0:08:23]}  Nbc4 {[%clk 0:09:36]} 17. Bxc4 {[%clk 0:07:47]}  Nxc4 {[%clk 0:09:28]} 18. Qb4 {[%clk 0:06:38]}  Bd5 {[%clk 0:07:23]} 19. Bxe7 {[%clk 0:06:39]}  Qc7 {[%clk 0:05:27]} 20. Bxf8 {[%clk 0:05:48]}  Rxf8 {[%clk 0:05:06]} 21. Nxc4 {[%clk 0:05:16]}  bxc4 {[%clk 0:02:08]} 22. Rhe1 {[%clk 0:04:29]}  Rb8 {[%clk 0:02:10]} 23. Qc3 {[%clk 0:04:11]}  Qb6 {[%clk 0:01:54]} 24. Nc5 {[%clk 0:04:02]}  a5 {[%clk 0:01:37]} 25. Nd7 {[%clk 0:03:53]}  Qc7 {[%clk 0:01:37]} 26. Nxb8 {[%clk 0:03:46]}  Qxb8 {[%clk 0:01:41]} 27. Re5 {[%clk 0:03:12]}  a4 {[%clk 0:01:13]} 28. Rde1 {[%clk 0:02:52]}  Qb6 {[%clk 0:01:08]} 29. a3 {[%clk 0:03:00]}  Kh7 {[%clk 0:00:53]} 30. f4 {[%clk 0:02:40]}  Qa7 {[%clk 0:00:33]} 31. Kb1 {[%clk 0:02:22]}  Qb6 {[%clk 0:00:33]} 32. f5 {[%clk 0:02:09]}  g5 {[%clk 0:00:35]} 33. Rf1 {[%clk 0:02:00]}  Bf6 {[%clk 0:00:39]} 34. Rd1 {[%clk 0:01:58]}  Kg7 {[%clk 0:00:41]} 35. Qe3 {[%clk 0:01:44]}  Qb5 {[%clk 0:00:15]} 36. Re1 {[%clk 0:01:42]}  Qb7 {[%clk 0:00:08]} 37. Rxd5 {[%clk 0:01:30]}  cxd5 {[%clk 0:00:12]} 38. c3 {[%clk 0:01:31]}  Qc7 {[%clk 0:00:08]} 39. Qf3 {[%clk 0:01:15]}  Qd6 {[%clk 0:00:08]} 40. Ka2 {[%clk 0:01:13]}  Qd7 {[%clk 0:00:10]} 41. Qe3 {[%clk 0:01:04]}  Qb7 {[%clk 0:00:08]} 42. Qe8 {[%clk 0:01:03]}  Qb3+ {[%clk 0:00:07]} 43. Kb1 {[%clk 0:01:06]}  Qb7 {[%clk 0:00:07]} 44. Qxa4 {[%clk 0:01:02]}  Qc7 {[%clk 0:00:10]} 45. Qb5 {[%clk 0:00:49]}  Qg3 {[%clk 0:00:14]} 46. Re8 {[%clk 0:00:49]}  Qxh3 {[%clk 0:00:07]} 47. Qxd5 {[%clk 0:00:43]}  Qxg4 {[%clk 0:00:10]} 48. Qxc4 {[%clk 0:00:40]}  Qxf5+ {[%clk 0:00:13]} 49. Ka2 {[%clk 0:00:40]}  g4 {[%clk 0:00:15]} 50. Qc5 {[%clk 0:00:30]}  g3 {[%clk 0:00:07]} 51. Qxf5 {[%clk 0:00:30]} 1-0

[Event "Rapid Tournament (RAP)"]
[Site "Biel, CH"]
[Date "2025.07.13"]
[Round "8"]
[White "Lipecki, Alexander"]
[Black "Cordes, Jule"]
[Result "1-0"]
[Board "18"]
[WhiteFideId "1303511"]
[BlackFideId "1060708"]
[WhiteElo "2126"]
[BlackElo "1946"]
[WhiteTeam "SUI"]
[BlackTeam "NED"]
[WhiteClock "0:07:40"]
[BlackClock "0:00:06"]
[Variant "Standard"]

1. d4 {[%clk 0:15:05]}  d5 {[%clk 0:15:09]} 2. Bf4 {[%clk 0:15:09]}  Nf6 {[%clk 0:15:13]} 3. e3 {[%clk 0:15:09]}  c5 {[%clk 0:15:15]} 4. c3 {[%clk 0:15:11]}  Nc6 {[%clk 0:15:18]} 5. Nf3 {[%clk 0:15:03]}  Qb6 {[%clk 0:15:18]} 6. Qc1 {[%clk 0:14:57]}  Bf5 {[%clk 0:15:05]} 7. Nbd2 {[%clk 0:14:55]}  e6 {[%clk 0:15:05]} 8. h3 {[%clk 0:14:55]}  h6 {[%clk 0:15:07]} 9. g4 {[%clk 0:14:31]}  Bh7 {[%clk 0:14:43]} 10. Bg2 {[%clk 0:14:53]}  Be7 {[%clk 0:14:17]} 11. O-O {[%clk 0:14:37]}  O-O {[%clk 0:14:09]} 12. Re1 {[%clk 0:14:20]}  Rfc8 {[%clk 0:13:58]} 13. Bh2 {[%clk 0:13:30]}  Qd8 {[%clk 0:13:31]} 14. Qd1 {[%clk 0:13:22]}  b5 {[%clk 0:12:18]} 15. Ne5 {[%clk 0:13:05]}  Bd6 {[%clk 0:10:52]} 16. f4 {[%clk 0:13:00]}  Qb6 {[%clk 0:08:36]} 17. Kh1 {[%clk 0:11:39]}  Rc7 {[%clk 0:07:42]} 18. g5 {[%clk 0:11:24]}  hxg5 {[%clk 0:07:46]} 19. fxg5 {[%clk 0:11:27]}  Nd7 {[%clk 0:05:39]} 20. g6 {[%clk 0:10:55]}  fxg6 {[%clk 0:06:19]} 21. Nxd7 {[%clk 0:09:06]}  Rxd7 {[%clk 0:06:22]} 22. Qg4 {[%clk 0:09:08]}  Re8 {[%clk 0:01:40]} 23. Bxd5 {[%clk 0:09:09]}  Nd8 {[%clk 0:01:43]} 24. Be4 {[%clk 0:08:57]}  Bxh2 {[%clk 0:01:35]} 25. Kxh2 {[%clk 0:08:59]}  Qd6+ {[%clk 0:01:00]} 26. Kh1 {[%clk 0:08:56]}  cxd4 {[%clk 0:00:20]} 27. exd4 {[%clk 0:08:54]}  e5 {[%clk 0:00:13]} 28. Nf3 {[%clk 0:08:13]}  Nf7 {[%clk 0:00:10]} 29. Rad1 {[%clk 0:08:04]}  exd4 {[%clk 0:00:08]} 30. Rxd4 {[%clk 0:08:00]}  Qe7 {[%clk 0:00:06]} 31. Rxd7 {[%clk 0:07:40]} 1-0

[Event "Rapid Tournament (RAP)"]
[Site "Biel, CH"]
[Date "2025.07.13"]
[Round "8"]
[White "Yu, Tianxiang Carlos"]
[Black "Frey,Fabian"]
[Result "1/2-1/2"]
[Board "19"]
[WhiteFideId "39922723"]
[BlackFideId "1336487"]
[WhiteElo "1962"]
[BlackElo "2102"]
[WhiteTeam "USA"]
[BlackTeam "SUI"]
[WhiteClock "0:00:03"]
[BlackClock "0:00:19"]
[Variant "Standard"]

1. e4 {[%clk 0:15:09]}  c5 {[%clk 0:00:00]} 2. Nf3 {[%clk 0:15:12]}  d6 {[%clk 0:15:05]} 3. d4 {[%clk 0:15:12]}  cxd4 {[%clk 0:15:09]} 4. Nxd4 {[%clk 0:15:14]}  Nf6 {[%clk 0:15:07]} 5. Nc3 {[%clk 0:15:13]}  a6 {[%clk 0:14:50]} 6. f3 {[%clk 0:15:04]}  e5 {[%clk 0:15:21]} 7. Nb3 {[%clk 0:15:07]}  Be7 {[%clk 0:15:25]} 8. Be3 {[%clk 0:15:11]}  Be6 {[%clk 0:15:29]} 9. Qd2 {[%clk 0:15:13]}  h5 {[%clk 0:15:33]} 10. Nd5 {[%clk 0:15:17]}  Bxd5 {[%clk 0:15:37]} 11. exd5 {[%clk 0:15:20]}  Nbd7 {[%clk 0:15:41]} 12. O-O-O {[%clk 0:14:28]}  O-O {[%clk 0:14:51]} 13. Kb1 {[%clk 0:14:23]}  a5 {[%clk 0:14:34]} 14. c4 {[%clk 0:14:20]}  a4 {[%clk 0:14:51]} 15. Na1 {[%clk 0:15:21]}  Re8 {[%clk 0:14:54]} 16. Nc2 {[%clk 0:15:15]}  a3 {[%clk 0:14:23]} 17. Nxa3 {[%clk 0:15:03]}  Rxa3 {[%clk 0:14:57]} 18. bxa3 {[%clk 0:14:54]}  Qc7 {[%clk 0:14:20]} 19. Be2 {[%clk 0:14:22]}  Nc5 {[%clk 0:13:29]} 20. Ka1 {[%clk 0:12:39]}  Ra8 {[%clk 0:12:50]} 21. Qb2 {[%clk 0:11:43]}  Nfd7 {[%clk 0:12:40]} 22. Rb1 {[%clk 0:11:27]}  Bf6 {[%clk 0:12:21]} 23. Rhd1 {[%clk 0:08:52]}  Ra4 {[%clk 0:10:35]} 24. Rbc1 {[%clk 0:04:28]}  Qa5 {[%clk 0:08:37]} 25. Rc3 {[%clk 0:07:10]}  Qa8 {[%clk 0:07:52]} 26. Kb1 {[%clk 0:06:44]}  Ra6 {[%clk 0:05:02]} 27. Qc1 {[%clk 0:06:41]}  Na4 {[%clk 0:04:30]} 28. Rb3 {[%clk 0:03:20]}  Nac5 {[%clk 0:09:46]} 29. Rc3 {[%clk 0:01:06]}  g6 {[%clk 0:06:51]} 30. Rd2 {[%clk 0:02:54]}  Na4 {[%clk 0:05:51]} 31. Rb3 {[%clk 0:02:49]}  Nac5 {[%clk 0:06:55]} 32. Rc3 {[%clk 0:02:28]}  Rb6+ {[%clk 0:06:52]} 33. Ka1 {[%clk 0:02:11]}  Bg7 {[%clk 0:04:40]} 34. Rd1 {[%clk 0:02:07]}  Kh7 {[%clk 0:04:06]} 35. h4 {[%clk 0:01:52]}  f5 {[%clk 0:04:03]} 36. Bf2 {[%clk 0:01:31]}  Qh8 {[%clk 0:06:11]} 37. Qd2 {[%clk 0:01:02]}  Ra6 {[%clk 0:05:54]} 38. Kb1 {[%clk 0:00:42]}  Qa8 {[%clk 0:05:39]} 39. Qc1 {[%clk 0:00:19]}  Ra4 {[%clk 0:05:12]} 40. Rd2 {[%clk 0:00:05]}  b5 {[%clk 0:05:01]} 41. cxb5 {[%clk 0:00:13]}  e4 {[%clk 0:04:52]} 42. Rc4 {[%clk 0:00:08]}  Rxa3 {[%clk 0:04:52]} 43. Bd4 {[%clk 0:00:06]}  Bh6 {[%clk 0:03:26]} 44. Qb2 {[%clk 0:00:10]}  Ra5 {[%clk 0:02:41]} 45. Rdc2 {[%clk 0:00:13]}  Qb8 {[%clk 0:02:32]} 46. Rb4 {[%clk 0:00:03]}  Nd3 {[%clk 0:01:25]} 47. Bxd3 {[%clk 0:00:21]}  exd3 {[%clk 0:01:28]} 48. Rc3 {[%clk 0:00:14]}  d2 {[%clk 0:01:30]} 49. Rd3 {[%clk 0:00:07]}  Nb6 {[%clk 0:01:18]} 50. Bxb6 {[%clk 0:00:14]}  Qxb6 {[%clk 0:01:20]} 51. Rxd2 {[%clk 0:00:05]}  Bxd2 {[%clk 0:00:31]} 52. Qxd2 {[%clk 0:00:05]}  Rxb5 {[%clk 0:00:35]} 53. a3 {[%clk 0:00:22]}  Rxb4+ {[%clk 0:00:34]} 54. axb4 {[%clk 0:00:18]}  Qb5 {[%clk 0:00:27]} 55. Kb2 {[%clk 0:00:16]}  Qc4 {[%clk 0:00:19]} 56. Ka1 {[%clk 0:00:03]} 1/2-1/2

[Event "Rapid Tournament (RAP)"]
[Site "Biel, CH"]
[Date "2025.07.13"]
[Round "8"]
[White "Mueller, Konstantin"]
[Black "Sadeghi, Hassan Roger"]
[Result "1-0"]
[Board "20"]
[WhiteFideId "34661778"]
[BlackFideId "1304712"]
[BlackTitle "CM"]
[WhiteElo "1798"]
[BlackElo "2068"]
[WhiteTeam "GER"]
[BlackTeam "SUI"]
[WhiteClock "0:02:05"]
[BlackClock "0:00:45"]
[Variant "Standard"]

1. e4 {[%clk 0:15:08]}  Nc6 {[%clk 0:15:09]} 2. d4 {[%clk 0:15:11]}  e5 {[%clk 0:15:12]} 3. d5 {[%clk 0:15:14]}  Nce7 {[%clk 0:15:16]} 4. Nf3 {[%clk 0:15:16]}  Ng6 {[%clk 0:15:19]} 5. h4 {[%clk 0:15:20]}  h5 {[%clk 0:15:20]} 6. Bg5 {[%clk 0:15:23]}  Be7 {[%clk 0:15:14]} 7. Bxe7 {[%clk 0:15:19]}  Qxe7 {[%clk 0:15:17]} 8. c4 {[%clk 0:14:38]}  d6 {[%clk 0:15:12]} 9. g3 {[%clk 0:14:37]}  Nf6 {[%clk 0:13:55]} 10. Nc3 {[%clk 0:14:32]}  c5 {[%clk 0:13:27]} 11. dxc6 {[%clk 0:12:36]}  bxc6 {[%clk 0:13:27]} 12. Be2 {[%clk 0:12:25]}  Bg4 {[%clk 0:12:58]} 13. Ng5 {[%clk 0:11:38]}  Rb8 {[%clk 0:10:06]} 14. b3 {[%clk 0:11:15]}  Bxe2 {[%clk 0:09:42]} 15. Qxe2 {[%clk 0:10:39]}  Nf8 {[%clk 0:08:22]} 16. O-O {[%clk 0:10:38]}  Ne6 {[%clk 0:08:20]} 17. Nxe6 {[%clk 0:10:36]}  Qxe6 {[%clk 0:07:53]} 18. Kg2 {[%clk 0:09:52]}  O-O {[%clk 0:06:19]} 19. Rfd1 {[%clk 0:09:43]}  Rbd8 {[%clk 0:05:15]} 20. Rd3 {[%clk 0:08:44]}  Rd7 {[%clk 0:04:46]} 21. Rad1 {[%clk 0:08:46]}  Rfd8 {[%clk 0:04:51]} 22. R1d2 {[%clk 0:07:06]}  Qg4 {[%clk 0:01:56]} 23. Qe3 {[%clk 0:06:38]}  g6 {[%clk 0:01:16]} 24. Rd1 {[%clk 0:05:32]}  Kg7 {[%clk 0:01:18]} 25. f3 {[%clk 0:05:17]}  Qe6 {[%clk 0:01:22]} 26. Qd2 {[%clk 0:05:21]}  Ne8 {[%clk 0:01:05]} 27. c5 {[%clk 0:04:46]}  d5 {[%clk 0:00:32]} 28. exd5 {[%clk 0:04:41]}  cxd5 {[%clk 0:00:35]} 29. b4 {[%clk 0:03:59]}  Nf6 {[%clk 0:00:35]} 30. b5 {[%clk 0:03:28]}  e4 {[%clk 0:00:37]} 31. fxe4 {[%clk 0:03:06]}  dxe4 {[%clk 0:00:41]} 32. Rxd7 {[%clk 0:02:48]}  Rxd7 {[%clk 0:00:44]} 33. Qe2 {[%clk 0:02:00]}  Rxd1 {[%clk 0:00:45]} 34. Nxd1 {[%clk 0:02:05]} 1-0

[Event "Rapid Tournament (RAP)"]
[Site "Biel, CH"]
[Date "2025.07.13"]
[Round "8"]
[White "Jordan, Christina"]
[Black "Federer, Colin"]
[Result "0-1"]
[Board "21"]
[WhiteFideId "1347977"]
[BlackFideId "1345117"]
[BlackTitle "FM"]
[WhiteElo "1710"]
[BlackElo "2055"]
[WhiteTeam "SUI"]
[BlackTeam "SUI"]
[WhiteClock "0:06:30"]
[BlackClock "0:05:45"]
[Variant "Standard"]

1. e4 {[%clk 0:15:09]}  c5 {[%clk 0:15:05]} 2. Nf3 {[%clk 0:15:12]}  d6 {[%clk 0:15:09]} 3. d4 {[%clk 0:15:16]}  cxd4 {[%clk 0:15:12]} 4. Nxd4 {[%clk 0:15:19]}  Nf6 {[%clk 0:15:14]} 5. Nc3 {[%clk 0:15:23]}  a6 {[%clk 0:15:18]} 6. Be3 {[%clk 0:15:26]}  e5 {[%clk 0:15:19]} 7. Nb3 {[%clk 0:15:29]}  Be6 {[%clk 0:15:22]} 8. f3 {[%clk 0:15:33]}  h5 {[%clk 0:15:25]} 9. Qd2 {[%clk 0:15:36]}  Nbd7 {[%clk 0:15:28]} 10. O-O-O {[%clk 0:15:37]}  Rc8 {[%clk 0:15:32]} 11. Kb1 {[%clk 0:15:40]}  Be7 {[%clk 0:15:35]} 12. h3 {[%clk 0:15:35]}  b5 {[%clk 0:15:35]} 13. Bd3 {[%clk 0:15:17]}  Nb6 {[%clk 0:15:32]} 14. g4 {[%clk 0:14:58]}  b4 {[%clk 0:15:34]} 15. Ne2 {[%clk 0:14:57]}  Nc4 {[%clk 0:15:09]} 16. Bxc4 {[%clk 0:14:51]}  Bxc4 {[%clk 0:15:02]} 17. g5 {[%clk 0:14:45]}  Nd7 {[%clk 0:15:03]} 18. f4 {[%clk 0:14:36]}  exf4 {[%clk 0:14:30]} 19. Bxf4 {[%clk 0:14:34]}  O-O {[%clk 0:14:23]} 20. Ng3 {[%clk 0:14:33]}  g6 {[%clk 0:13:51]} 21. Bxd6 {[%clk 0:14:03]}  Bxg5 {[%clk 0:13:46]} 22. Bf4 {[%clk 0:14:01]}  Bxf4 {[%clk 0:13:49]} 23. Qxf4 {[%clk 0:14:04]}  Qc7 {[%clk 0:12:23]} 24. Nxh5 {[%clk 0:13:03]}  Bxb3 {[%clk 0:11:23]} 25. cxb3 {[%clk 0:12:55]}  Ne5 {[%clk 0:10:21]} 26. Nf6+ {[%clk 0:12:16]}  Kg7 {[%clk 0:10:23]} 27. Rc1 {[%clk 0:11:53]}  Qd6 {[%clk 0:09:38]} 28. Nd5 {[%clk 0:11:27]}  a5 {[%clk 0:08:20]} 29. h4 {[%clk 0:11:17]}  Rxc1+ {[%clk 0:07:50]} 30. Rxc1 {[%clk 0:11:19]}  Qe6 {[%clk 0:07:49]} 31. Rh1 {[%clk 0:10:59]}  Nd3 {[%clk 0:07:42]} 32. Qe3 {[%clk 0:10:48]}  Nf2 {[%clk 0:07:21]} 33. Rf1 {[%clk 0:10:17]}  Qxe4+ {[%clk 0:07:10]} 34. Qxe4 {[%clk 0:10:20]}  Nxe4 {[%clk 0:07:14]} 35. Rf4 {[%clk 0:09:55]}  f5 {[%clk 0:07:09]} 36. Nb6 {[%clk 0:09:45]}  Rd8 {[%clk 0:07:00]} 37. Nc4 {[%clk 0:09:28]}  Rd4 {[%clk 0:06:48]} 38. Kc2 {[%clk 0:09:23]}  a4 {[%clk 0:06:31]} 39. Rf3 {[%clk 0:08:58]}  axb3+ {[%clk 0:06:23]} 40. axb3 {[%clk 0:09:01]}  Kf6 {[%clk 0:06:20]} 41. Rd3 {[%clk 0:08:51]}  Rxd3 {[%clk 0:06:23]} 42. Kxd3 {[%clk 0:08:55]}  Nc5+ {[%clk 0:06:13]} 43. Kc2 {[%clk 0:08:55]}  f4 {[%clk 0:06:10]} 44. Nd2 {[%clk 0:08:30]}  Kf5 {[%clk 0:06:07]} 45. Nf3 {[%clk 0:08:03]}  Ke4 {[%clk 0:06:09]} 46. Nd2+ {[%clk 0:07:10]}  Ke3 {[%clk 0:06:07]} 47. Kd1 {[%clk 0:07:04]}  f3 {[%clk 0:05:56]} 48. Nc4+ {[%clk 0:07:03]}  Kf2 {[%clk 0:05:52]} 49. Nd2 {[%clk 0:06:34]}  Kg2 {[%clk 0:05:50]} 50. Ke1 {[%clk 0:06:30]}  f2+ {[%clk 0:05:38]} 51. Ke2 {[%clk 0:06:33]}  Nxb3 {[%clk 0:05:41]} 52. Nf1 {[%clk 0:06:30]}  Nc1+ {[%clk 0:05:45]} 0-1

[Event "Rapid Tournament (RAP)"]
[Site "Biel, CH"]
[Date "2025.07.13"]
[Round "8"]
[White "Fragniere, Thierry"]
[Black "Gao, Kai"]
[Result "0-1"]
[Board "22"]
[WhiteFideId "1306537"]
[BlackFideId "8607770"]
[WhiteElo "2110"]
[BlackElo "1906"]
[WhiteTeam "FRA"]
[BlackTeam "CHN"]
[WhiteClock "0:00:42"]
[BlackClock "0:05:18"]
[Variant "Standard"]

1. d4 {[%clk 0:15:07]}  d5 {[%clk 0:15:07]} 2. Nf3 {[%clk 0:15:10]}  Nf6 {[%clk 0:15:11]} 3. c4 {[%clk 0:15:14]}  e6 {[%clk 0:15:14]} 4. Nc3 {[%clk 0:15:17]}  Be7 {[%clk 0:15:16]} 5. Bg5 {[%clk 0:15:12]}  O-O {[%clk 0:15:13]} 6. e3 {[%clk 0:15:14]}  Nbd7 {[%clk 0:15:13]} 7. Be2 {[%clk 0:15:13]}  dxc4 {[%clk 0:15:15]} 8. Bxc4 {[%clk 0:15:16]}  h6 {[%clk 0:15:02]} 9. Bh4 {[%clk 0:15:16]}  b6 {[%clk 0:14:18]} 10. O-O {[%clk 0:15:16]}  Bb7 {[%clk 0:14:22]} 11. Qe2 {[%clk 0:15:18]}  Ne4 {[%clk 0:14:11]} 12. Bxe7 {[%clk 0:15:13]}  Qxe7 {[%clk 0:14:01]} 13. Rfd1 {[%clk 0:14:27]}  Rfd8 {[%clk 0:12:28]} 14. Rac1 {[%clk 0:14:09]}  Nxc3 {[%clk 0:12:11]} 15. Rxc3 {[%clk 0:13:20]}  c5 {[%clk 0:12:05]} 16. Ba6 {[%clk 0:11:47]}  Bxf3 {[%clk 0:10:09]} 17. Qxf3 {[%clk 0:11:01]}  cxd4 {[%clk 0:10:12]} 18. exd4 {[%clk 0:07:56]}  Nf6 {[%clk 0:10:02]} 19. Bb7 {[%clk 0:07:40]}  Rab8 {[%clk 0:10:06]} 20. Bc6 {[%clk 0:07:09]}  Rd6 {[%clk 0:09:59]} 21. b4 {[%clk 0:06:25]}  Rbd8 {[%clk 0:10:02]} 22. Rcd3 {[%clk 0:06:04]}  Nd5 {[%clk 0:09:37]} 23. Bxd5 {[%clk 0:05:30]}  Rxd5 {[%clk 0:09:41]} 24. a3 {[%clk 0:05:29]}  Qd7 {[%clk 0:09:18]} 25. Qe4 {[%clk 0:04:33]}  e5 {[%clk 0:09:03]} 26. Kf1 {[%clk 0:04:21]}  Rxd4 {[%clk 0:08:53]} 27. Rxd4 {[%clk 0:04:23]}  exd4 {[%clk 0:08:56]} 28. Rd3 {[%clk 0:04:19]}  Qb5 {[%clk 0:08:34]} 29. f4 {[%clk 0:04:17]}  Rd6 {[%clk 0:08:15]} 30. Kf2 {[%clk 0:04:09]}  Qc4 {[%clk 0:07:59]} 31. Qe8+ {[%clk 0:03:48]}  Kh7 {[%clk 0:08:03]} 32. Qe4+ {[%clk 0:03:51]}  g6 {[%clk 0:08:00]} 33. Kf3 {[%clk 0:02:57]}  a5 {[%clk 0:07:43]} 34. bxa5 {[%clk 0:03:00]}  bxa5 {[%clk 0:07:47]} 35. h4 {[%clk 0:02:14]}  h5 {[%clk 0:07:31]} 36. g4 {[%clk 0:01:49]}  hxg4+ {[%clk 0:07:35]} 37. Kxg4 {[%clk 0:01:53]}  Rd5 {[%clk 0:06:25]} 38. Kg3 {[%clk 0:01:39]}  a4 {[%clk 0:06:19]} 39. h5 {[%clk 0:01:26]}  Rxh5 {[%clk 0:06:18]} 40. Qxd4 {[%clk 0:01:29]}  Qc1 {[%clk 0:06:02]} 41. Kf3 {[%clk 0:00:46]}  Qc6+ {[%clk 0:05:30]} 42. Kg4 {[%clk 0:00:34]}  Qg2+ {[%clk 0:05:24]} 43. Rg3 {[%clk 0:00:36]}  Qe2+ {[%clk 0:05:24]} 44. Rf3 {[%clk 0:00:39]}  f5+ {[%clk 0:05:26]} 45. Kg3 {[%clk 0:00:42]}  Qh2# {[%clk 0:05:18]} 0-1

[Event "Rapid Tournament (RAP)"]
[Site "Biel, CH"]
[Date "2025.07.13"]
[Round "8"]
[White "Tcheau, Alain"]
[Black "Degtiarev, Evgeny"]
[Result "0-1"]
[Board "23"]
[WhiteFideId "1306014"]
[BlackFideId "4149610"]
[BlackTitle "IM"]
[WhiteElo "1912"]
[BlackElo "2331"]
[WhiteTeam "SUI"]
[BlackTeam "GER"]
[WhiteClock "0:01:49"]
[BlackClock "0:02:53"]
[Variant "Standard"]

1. c4 {[%clk 0:15:07]}  e5 {[%clk 0:15:05]} 2. Nc3 {[%clk 0:15:10]}  Nf6 {[%clk 0:15:08]} 3. d3 {[%clk 0:15:14]}  Nc6 {[%clk 0:15:10]} 4. e3 {[%clk 0:15:18]}  d5 {[%clk 0:14:48]} 5. cxd5 {[%clk 0:15:21]}  Nxd5 {[%clk 0:14:51]} 6. Nf3 {[%clk 0:15:22]}  Be7 {[%clk 0:14:30]} 7. Be2 {[%clk 0:15:23]}  O-O {[%clk 0:14:32]} 8. O-O {[%clk 0:15:26]}  Kh8 {[%clk 0:13:52]} 9. e4 {[%clk 0:14:43]}  Nxc3 {[%clk 0:13:33]} 10. bxc3 {[%clk 0:14:45]}  f5 {[%clk 0:13:36]} 11. Bb2 {[%clk 0:14:01]}  fxe4 {[%clk 0:12:27]} 12. dxe4 {[%clk 0:14:04]}  Qe8 {[%clk 0:12:31]} 13. Bc4 {[%clk 0:13:46]}  Bg4 {[%clk 0:12:12]} 14. Be2 {[%clk 0:13:40]}  Rd8 {[%clk 0:12:07]} 15. Qc2 {[%clk 0:13:35]}  Rd6 {[%clk 0:10:13]} 16. Rad1 {[%clk 0:13:35]}  Rg6 {[%clk 0:07:32]} 17. Kh1 {[%clk 0:12:37]}  Qc8 {[%clk 0:06:48]} 18. Ng1 {[%clk 0:11:43]}  Be6 {[%clk 0:06:46]} 19. Bc1 {[%clk 0:10:16]}  Bc5 {[%clk 0:06:09]} 20. Bh5 {[%clk 0:09:46]}  Rgf6 {[%clk 0:06:08]} 21. Bf3 {[%clk 0:08:52]}  Bc4 {[%clk 0:05:53]} 22. Rfe1 {[%clk 0:08:32]}  Qe6 {[%clk 0:05:28]} 23. Be3 {[%clk 0:07:35]}  Bxe3 {[%clk 0:05:27]} 24. Rxe3 {[%clk 0:07:12]}  Bxa2 {[%clk 0:05:28]} 25. Qd2 {[%clk 0:06:33]}  Bb3 {[%clk 0:05:21]} 26. Rb1 {[%clk 0:06:21]}  a5 {[%clk 0:05:18]} 27. Ne2 {[%clk 0:05:50]}  a4 {[%clk 0:05:21]} 28. Nc1 {[%clk 0:05:50]}  Na5 {[%clk 0:05:01]} 29. Rd3 {[%clk 0:05:01]}  Bc4 {[%clk 0:04:35]} 30. Rd8 {[%clk 0:04:57]}  b5 {[%clk 0:04:33]} 31. Rxf8+ {[%clk 0:04:31]}  Rxf8 {[%clk 0:04:34]} 32. h3 {[%clk 0:04:19]}  Qe7 {[%clk 0:04:28]} 33. Na2 {[%clk 0:04:00]}  Rd8 {[%clk 0:04:27]} 34. Qb2 {[%clk 0:03:56]}  a3 {[%clk 0:03:52]} 35. Qb4 {[%clk 0:03:19]}  Qxb4 {[%clk 0:03:55]} 36. Nxb4 {[%clk 0:03:13]}  a2 {[%clk 0:02:53]} 37. Ra1 {[%clk 0:03:01]}  Rd2 {[%clk 0:02:52]} 38. Kg1 {[%clk 0:02:37]}  c5 {[%clk 0:02:52]} 39. Nxa2 {[%clk 0:01:49]}  Bxa2 {[%clk 0:02:53]} 0-1

[Event "Rapid Tournament (RAP)"]
[Site "Biel, CH"]
[Date "2025.07.13"]
[Round "8"]
[White "Gireada, Daniel"]
[Black "Flueckiger, Roger"]
[Result "1-0"]
[Board "24"]
[WhiteFideId "1206451"]
[BlackFideId "1344862"]
[WhiteElo "2255"]
[BlackElo "1937"]
[WhiteTeam "ROU"]
[BlackTeam "SUI"]
[WhiteClock "0:00:20"]
[BlackClock "0:00:00"]
[Variant "Standard"]

1. d4 {[%clk 0:15:07]}  d5 {[%clk 0:15:08]} 2. c4 {[%clk 0:15:11]}  dxc4 {[%clk 0:15:10]} 3. e4 {[%clk 0:15:11]}  e5 {[%clk 0:15:03]} 4. d5 {[%clk 0:14:51]}  Nf6 {[%clk 0:15:00]} 5. Nc3 {[%clk 0:14:47]}  b5 {[%clk 0:14:48]} 6. Nxb5 {[%clk 0:13:30]}  Nxe4 {[%clk 0:14:29]} 7. Nc3 {[%clk 0:12:02]}  Nxc3 {[%clk 0:11:41]} 8. bxc3 {[%clk 0:12:05]}  Bc5 {[%clk 0:10:03]} 9. Qa4+ {[%clk 0:10:03]}  Nd7 {[%clk 0:10:06]} 10. Nf3 {[%clk 0:09:13]}  O-O {[%clk 0:09:49]} 11. Qxc4 {[%clk 0:08:31]}  a5 {[%clk 0:09:08]} 12. Bg5 {[%clk 0:06:24]}  f6 {[%clk 0:07:54]} 13. Bd2 {[%clk 0:05:25]}  Ba6 {[%clk 0:05:54]} 14. Qg4 {[%clk 0:05:03]}  f5 {[%clk 0:05:13]} 15. Qg5 {[%clk 0:04:49]}  Be7 {[%clk 0:05:16]} 16. Qe3 {[%clk 0:04:19]}  f4 {[%clk 0:03:09]} 17. Qe4 {[%clk 0:03:52]}  Nc5 {[%clk 0:03:10]} 18. Qxe5 {[%clk 0:03:01]}  Bf6 {[%clk 0:02:15]} 19. Qh5 {[%clk 0:01:37]}  Re8+ {[%clk 0:02:15]} 20. Kd1 {[%clk 0:01:38]}  g6 {[%clk 0:01:49]} 21. Qg4 {[%clk 0:01:24]}  Qxd5 {[%clk 0:01:52]} 22. Bxa6 {[%clk 0:01:15]}  Rxa6 {[%clk 0:01:56]} 23. Qxf4 {[%clk 0:01:01]}  Bxc3 {[%clk 0:00:59]} 24. Rc1 {[%clk 0:01:04]}  Ne4 {[%clk 0:00:52]} 25. Qe3 {[%clk 0:00:25]}  Bxd2 {[%clk 0:00:23]} 26. Nxd2 {[%clk 0:00:29]}  Rd6 {[%clk 0:00:10]} 27. Rc2 {[%clk 0:00:32]}  Qd4 {[%clk 0:00:00]} 28. Qe2 {[%clk 0:00:20]} 1-0

[Event "Rapid Tournament (RAP)"]
[Site "Biel, CH"]
[Date "2025.07.13"]
[Round "8"]
[White "Ranieri, Pierpaolo"]
[Black "Zenker, Ulrich"]
[Result "1-0"]
[Board "25"]
[WhiteFideId "893986"]
[BlackFideId "4614976"]
[BlackTitle "FM"]
[WhiteElo "1882"]
[BlackElo "2081"]
[WhiteTeam "ITA"]
[BlackTeam "GER"]
[WhiteClock "0:12:04"]
[BlackClock "0:00:17"]
[Variant "Standard"]

1. d4 {[%clk 0:15:09]}  d5 {[%clk 0:15:08]} 2. c4 {[%clk 0:15:11]}  e6 {[%clk 0:15:11]} 3. Nf3 {[%clk 0:15:14]}  Nf6 {[%clk 0:15:12]} 4. Nc3 {[%clk 0:15:17]}  Be7 {[%clk 0:15:12]} 5. Bf4 {[%clk 0:15:20]}  O-O {[%clk 0:14:54]} 6. e3 {[%clk 0:15:24]}  b6 {[%clk 0:14:53]} 7. cxd5 {[%clk 0:15:08]}  Nxd5 {[%clk 0:14:24]} 8. Nxd5 {[%clk 0:15:27]}  Qxd5 {[%clk 0:14:26]} 9. Bxc7 {[%clk 0:14:31]}  Na6 {[%clk 0:14:29]} 10. Bg3 {[%clk 0:14:25]}  Bb7 {[%clk 0:13:57]} 11. a3 {[%clk 0:14:28]}  Qa5+ {[%clk 0:10:57]} 12. Nd2 {[%clk 0:14:20]}  Rfc8 {[%clk 0:03:58]} 13. Bd3 {[%clk 0:13:23]}  Bxg2 {[%clk 0:03:15]} 14. Rg1 {[%clk 0:13:26]}  Bb7 {[%clk 0:03:04]} 15. Be5 {[%clk 0:13:02]}  g6 {[%clk 0:01:43]} 16. Qh5 {[%clk 0:12:51]}  Nc7 {[%clk 0:00:55]} 17. Bxg6 {[%clk 0:12:39]}  fxg6 {[%clk 0:00:41]} 18. Rxg6+ {[%clk 0:12:40]}  Kf8 {[%clk 0:00:17]} 19. Rg7 {[%clk 0:12:04]} 1-0